LEADER 00831nam0-22003011i-450- 001 990000153230403321 035 $a000015323 035 $aFED01000015323 035 $a(Aleph)000015323FED01 035 $a000015323 100 $a20011111d--------km-y0itay50------ba 101 0 $aita 105 $ay-------001yy 200 1 $aForze speciali sul mare$fFrancesco Fatutta. 210 $a[Roma]$cRivista marittima$d1997 215 $a179 p.$cill.$d24 cm 300 $aSuppl. a: Rivista marittima, marzo 1997 610 0 $aFanteria di marina 676 $a359.96 700 1$aFatutta,$bFrancesco$09393 801 0$aIT$bUNINA$gRICA$2UNIMARC 901 $aBK 912 $a990000153230403321 952 $a13 E 72 39$b9773/1$fFINBC 959 $aFINBC 996 $aForze speciali sul mare$934674 997 $aUNINA DB $aING01 LEADER 02682oam 2200673 450 001 9910707368103321 005 20170307074224.0 035 $a(CKB)5470000002463835 035 $a(OCoLC)953581482 035 $a(EXLCZ)995470000002463835 100 $a20160714d2016 ua 0 101 0 $aeng 135 $aurbn||||a|||| 181 $ctxt$2rdacontent 182 $cc$2rdamedia 183 $acr$2rdacarrier 200 10$aInternal Revenue Service's colleges and universities compliance project $ehearing before the Subcommittee on Oversight of the Committee on Ways and Means, U.S. House of Representatives, One Hundred Thirteenth Congress, first session, May 8, 2013 210 1$aWashington :$cU.S. Government Publishing Office,$d2016. 215 $a1 online resource (iii, 62 pages) 300 $aTitle from title screen (viewed July 14, 2016). 300 $aPaper version available for sale by the Superintendent of Documents, United States Government Publishing Office. 300 $a"Serial no. 113-OS4." 320 $aIncludes bibliographical references. 517 $aInternal Revenue Service's colleges and universities compliance project 606 $aUniversities and colleges$xTaxation$zUnited States 606 $aUniversities and colleges$zUnited States$xFinance 606 $aTax exemption$zUnited States 606 $aNonprofit organizations$xTaxation$xLaw and legislation$zUnited States 606 $aTaxpayer compliance$zUnited States 606 $aNonprofit organizations$xTaxation$xLaw and legislation$2fast 606 $aTax exemption$2fast 606 $aTaxpayer compliance$2fast 606 $aUniversities and colleges$xFinance$2fast 606 $aUniversities and colleges$xTaxation$2fast 607 $aUnited States$2fast 608 $aLegislative hearings.$2lcgft 608 $aLegislative hearings.$2fast 615 0$aUniversities and colleges$xTaxation 615 0$aUniversities and colleges$xFinance. 615 0$aTax exemption 615 0$aNonprofit organizations$xTaxation$xLaw and legislation 615 0$aTaxpayer compliance 615 7$aNonprofit organizations$xTaxation$xLaw and legislation. 615 7$aTax exemption. 615 7$aTaxpayer compliance. 615 7$aUniversities and colleges$xFinance. 615 7$aUniversities and colleges$xTaxation. 801 0$bGPO 801 1$bGPO 801 2$bGPO 801 2$bSTF 801 2$bOCLCO 801 2$bOCLCF 801 2$bCWCLL 801 2$bGPO 906 $aBOOK 912 $a9910707368103321 996 $aInternal Revenue Service's colleges and universities compliance project$93531278 997 $aUNINA